| 000 | 00563nam a2200181 i 4500 | ||
|---|---|---|---|
| 001 | 49269 | ||
| 003 | ES-MaACL | ||
| 005 | 20230906161921.0 | ||
| 007 | t| | ||
| 008 | 030711s1948 sp ||||1| spa d | ||
| 245 | 0 | 4 |
_aLas cortes españolas _b: ley creadora, reglamento, la representación sidical, normas sobre elección de procuradores. |
| 260 |
_aMadrid : _b[s.n.], _c1948 ( _fArtes gráficas "Virgen de la Paloma") |
||
| 300 |
_a108 p. ; _c17 cm. |
||
| 490 | 1 | _aOrden | |
| 830 | 0 |
_aOrden _9230092 |
|
| 852 |
_aES-MaACL _j1610-F-4 |
||
| 999 |
_c49269 _d49269 |
||